000 00364nam a22001217a 4500
005 20251108173714.0
008 250721s2006 xx 000 0 ara d
100 1 _aجعفر, حسان عدنان
245 1 0 _aالعلاج بالزيوت العطرية /
264 1 _aبيروت :
_bدار وكتبة الهلال،
_c2006.
942 _2ddc
_cBK
999 _c110413
_d110413